Plant genetic manipulation for crop protection
Сохранить в:
| Главные авторы: | , , |
|---|---|
| Формат: | |
| Язык: | английский |
| Опубликовано: |
Wallingford
CAB International
1992
|
| Серии: | Biotechnology in Agriculture, 7
|
| Предметы: | |
| Метки: |
Добавить метку
Нет меток, Требуется 1-ая метка записи!
|
MARC
| LEADER | 00000nam a2200000 a 4500 | ||
|---|---|---|---|
| 001 | UCY9112 | ||
| 003 | CL-VaPUC | ||
| 008 | 950713e19920000UK |||||||||||||||||eng|d | ||
| 082 | 0 | 4 | |a 631.523 |b GAT |2 21 |
| 100 | 0 | |a Gatehouse, A. M. R |e author |9 341145 | |
| 700 | 0 | |a Hilder, V. A |e author |9 341146 | |
| 700 | 0 | |a Boulter, D |e author |9 341147 | |
| 245 | 1 | 0 | |a Plant genetic manipulation for crop protection |
| 300 | |a 266 p | ||
| 942 | |c BK | ||
| 945 | |d 19950713 00:00:00 |a awong | ||
| 260 | |a Wallingford |b CAB International |c 1992 | ||
| 650 | 0 | |a Plantas |9 264555 | |
| 650 | 0 | |a Genética |9 259443 | |
| 650 | 0 | |a Enfermedades de las plantas |9 259687 | |
| 583 | |a last modification |c 19950713 00:00:00 |k Rodrigo Vera | ||
| 490 | 0 | |a Biotechnology in Agriculture, 7 | |
| 999 | |c 236263 |d 236261 | ||
| 952 | |0 0 |1 0 |4 0 |6 631_523000000000000_GAT_1992 |7 0 |8 A |9 244288 |a BIBAGR |b BIBAGR |d 2019-11-18 |i 3106039 |o 631.523 GAT 1992 |p 3106039 |r 2025-01-20 |w 2019-11-18 |y BK |k AGR | ||